000 00240 a2200085 4500
020 _a9783330007109
100 _a Pappal Suneja
245 _aLiterature Study & Technical Writing in Architecture
260 _b LAP LAMBERT Academic Publishing
_c2018
999 _c13548
_d13548